| 000 | 00661nam a22001937a 4500 | ||
|---|---|---|---|
| 003 | OSt | ||
| 005 | 20251117103803.0 | ||
| 008 | 251117b |||||||| |||| 00| 0 eng d | ||
| 020 | _a97189-6103-8 | ||
| 040 |
_aDWCL - Main Lib _cOC |
||
| 082 | _aProf. 371.26 B976c 2021 | ||
| 100 | _aBusto, Arellano V. | ||
| 245 |
_aCareer Civil Service Sub-Professional and Professional Reviewer / _cArellano V. Busto |
||
| 260 |
_aManila, Philippines : _bA.V.B. Printing Press, _cc2021. |
||
| 300 |
_axxv; 232 pages : _billustration ; _c22 cm. |
||
| 650 | _a1. Career Professional Reviewer | ||
| 650 | _a2. Career Sub-Professional Reviewer | ||
| 942 |
_2ddc _cPROF. _mProf. _n0 |
||
| 999 |
_c5708 _d5708 |
||